Формирование градиентной субмикрокристаллической структуры в приповерхностных слоях поликристаллов никеля при ультразвуковой финишной обработке; Перспективные материалы с иерархической структурой для новых технологий и надежных конструкций

Dettagli Bibliografici
Parent link:Перспективные материалы с иерархической структурой для новых технологий и надежных конструкций.— 2015.— [С. 249-250]
Enti autori: Национальный исследовательский Томский политехнический университет (ТПУ) Институт физики высоких технологий (ИФВТ) Кафедра материаловедения в машиностроении (ММС), Национальный исследовательский Томский политехнический университет (ТПУ) Физико-технический институт (ФТИ) Кафедра общей физики (ОФ)
Altri autori: Панин В. Е. Виктор Евгеньевич, Кузнецов П. В. Павел Викторович, Почивалов Ю. И., Беляева И. В. Ирина Владимировна, Рахматулина Т. В., Шумакова Д. А.
Riassunto:Заглавие с экрана
Lingua:russo
Pubblicazione: 2015
Serie:Методология физической мезомеханики материалов с иерархической структурой
Soggetti:
Accesso online:http://www.ispms.ru/files/Conference/2015/tezis_2015.pdf#page=249
Natura: MixedMaterials Elettronico Capitolo di libro
KOHA link:https://koha.lib.tpu.ru/cgi-bin/koha/opac-detail.pl?biblionumber=646045

MARC

LEADER 00000nla2a2200000 4500
001 646045
005 20240115135840.0
035 |a (RuTPU)RU\TPU\network\11166 
035 |a RU\TPU\network\11151 
090 |a 646045 
100 |a 20160209d2015 k y0rusy50 ca 
101 0 |a rus 
102 |a RU 
105 |a a z 101zy 
135 |a drgn ---uucaa 
181 0 |a i  
182 0 |a b 
200 1 |a Формирование градиентной субмикрокристаллической структуры в приповерхностных слоях поликристаллов никеля при ультразвуковой финишной обработке  |f В. Е. Панин [и др.] 
203 |a Текст  |c электронный 
225 1 |a Методология физической мезомеханики материалов с иерархической структурой 
300 |a Заглавие с экрана 
320 |a [Библиогр.: с. 250 (2 назв.)] 
337 |a Adobe Reader 
463 1 |0 (RuTPU)RU\TPU\network\11053  |t Перспективные материалы с иерархической структурой для новых технологий и надежных конструкций  |o тезисы докладов Международной конференции, 21-25 сентября 2015 г., Томск  |f Российская академия наук (РАН), Сибирское отделение (СО), Институт физики прочности и материаловедения (ИФПМ)  |v [С. 249-250]  |d 2015 
610 1 |a электронный ресурс 
610 1 |a труды учёных ТПУ 
610 1 |a градиентные структуры 
610 1 |a субмикрокристаллические структуры 
610 1 |a приповерхностные слои 
610 1 |a поликристаллы 
610 1 |a никель 
610 1 |a ультразвуковая обработка 
610 1 |a финишная обработка 
701 1 |a Панин  |b В. Е.  |c специалист в области физики и механики деформируемого твердого тела, физического материаловедения  |c профессор Томского политехнического университета, доктор физико-математических наук  |c заведующий кафедрой материаловедения в машиностроении  |c директор Российского материаловедческого центра  |c научный руководитель Института физики прочности и материаловедения СО РАН  |f 1930-  |g Виктор Евгеньевич  |3 (RuTPU)RU\TPU\pers\12102 
701 1 |a Кузнецов  |b П. В.  |c физик  |c доцент Томского политехнического университета, кандидат физико-математических наук  |f 1952-  |g Павел Викторович  |3 (RuTPU)RU\TPU\pers\34497  |9 17880 
701 1 |a Почивалов  |b Ю. И. 
701 1 |a Беляева  |b И. В.  |c физик  |c доцент Томского политехнического университета, кандидат физико-математических наук  |f 1975-  |g Ирина Владимировна  |3 (RuTPU)RU\TPU\pers\47013 
701 1 |a Рахматулина  |b Т. В. 
701 1 |a Шумакова  |b Д. А. 
712 0 2 |a Национальный исследовательский Томский политехнический университет (ТПУ)  |b Институт физики высоких технологий (ИФВТ)  |b Кафедра материаловедения в машиностроении (ММС)  |3 (RuTPU)RU\TPU\col\18688 
712 0 2 |a Национальный исследовательский Томский политехнический университет (ТПУ)  |b Физико-технический институт (ФТИ)  |b Кафедра общей физики (ОФ)  |3 (RuTPU)RU\TPU\col\18734 
801 1 |a RU  |b 63413507  |c 20101016 
801 2 |a RU  |b 63413507  |c 20211126  |g RCR 
856 4 |u http://www.ispms.ru/files/Conference/2015/tezis_2015.pdf#page=249 
942 |c CF